| 000 | 00346 a2200133 4500 | ||
|---|---|---|---|
| 005 | 20250416124330.0 | ||
| 020 | _aISBN: 978-9976-78-073-4 | ||
| 082 | _a657 NBA | ||
| 111 | _aNBAA | ||
| 245 | _aA3 Financial Accounting: Study Text Foundation Level. | ||
| 260 |
_aDar es salaam, _bNBAA, _c2019. |
||
| 300 |
_a559P.: ill.; _c29cm |
||
| 942 |
_2ddc _cBKS |
||
| 999 |
_c1522 _d1522 |
||